01573nam a22003137a 450000500170000000800410001702000180005804000270007604100080010304400070011108200180011810000290013624502590016526000410042430000730046549000540053850001280059250000430072050400600076350500490082365000480087265000180092065000580093870000400099670000290103694200150106599900170108095201620109720150928120703.0150928b2014 pe |||||r|||| 00| 0 spa d a9786124673009 aCO-BoIAVH cCO-BoIAVH 0 aspa ack04a333.75bU84c11 aDe la Montaña, Enrique10aLa caza de fauna silvestre en la región amazónica del noreste de Ecuador:bAnálisis bioeconómico de su uso como fuente de proteína para nacionalidades indígenascEnrique de la Montaña, Rocío del Pilar Moreno-Sánchez y Jorge H. Maldonado aLima (Perú):bUSAID:bICAA,c2014. a67 páginas :bilustraciones, tablas y gráficas a color ;c25 cm. aConservación estratégica. Serie técnicav26 aEncabezado del título: Programa de investigaciones económicas aplicadas para la conservación en la Amazonía Andina. aIncluye índices te tablas y figuras. aIncluye referencias bibliográficas (páginas 57-61). aIncluye resúmenes en inglés y español. 6aFauna de cazazAmazonas (Región, Ecuador) 6aBioeconomía 6aComunidades indígenaszAmazonas (Región, Ecuador)1 aMoreno-Sánchez, Rocío del Pilar1 aMaldonado, Jorge Higinio 2ddccLIBRO c17812d17812 00102ddc40708GENERALIINV2017aBogotabBogotad2015-09-28eInstitutog39000.00l0oLB-333.75 U84c1p039255r2015-09-28 00:00:00tEj. 1w2015-09-28yLIBRO